A Heritage of her own : toward a new social history of American women /

Bibliographic Details
Other Authors: Cott, Nancy F., Pleck, Elizabeth H.
Format: Book
Language:English
Published: New York : Simon and Schuster, [1979]
Series:A Touchstone book
Subjects:

MARC

Tag First Indicator Second Indicator Subfields
LEADER 00000cam a22000008i 4500
001 in00000037731
005 20151007080605.0
008 790807s1979 nyu b 00100 eng
010 |a  79019565  
020 |a 067125068X 
020 |a 0671250698 (pbk.) 
035 |a (OCoLC)05310536 
035 |9 AAF5059AM 
040 |a DLC  |c DLC  |d TXA  |d UtOrBLW 
043 |a n-us--- 
049 |a TXAM  |c [1497322] 
050 0 0 |a HQ1410  |b .H47 
082 0 |a 301.41/2/0973 
245 0 2 |a A Heritage of her own :  |b toward a new social history of American women /  |c edited, with an introd., by Nancy F. Cott and Elizabeth H. Pleck. 
263 |a 8001 
264 1 |a New York :  |b Simon and Schuster,  |c [1979] 
264 4 |c ©1979 
300 |a 608 pages :  |b graphs ;  |c 25 cm. 
336 |a text  |b txt  |2 rdacontent 
337 |a unmediated  |b n  |2 rdamedia 
338 |a volume  |b nc  |2 rdacarrier 
490 0 |a A Touchstone book 
500 |a Includes index. 
504 |a Bibliography: pages 579-583. 
650 0 |a Women  |z United States  |x History. 
700 1 |a Cott, Nancy F. 
700 1 |a Pleck, Elizabeth H. 
999 |a MARS 
999 f f |s 1af62791-7e8b-3f8e-a61c-612a8346d07d  |i 81ddd9b3-7e7c-3d66-b240-d0cfd0631fd4  |t 0 
952 f f |p ric  |a Texas A&M University  |b Rellis Campus  |c Joint Library Facility  |d Remote Storage  |t 0  |e HQ1410 .H47  |h Library of Congress classification  |i unmediated -- volume  |m A14802980229 
998 f f |a HQ1410 .H47  |t 0  |l Remote Storage